000 00307nam a22001457a 4500
008 210311b ||||| |||| 00| 0 eng d
020 _a9780030071782
041 _aeng
080 _a574
082 _a574
100 _a9
101 _aMJE
245 _aEnvironmental Science
_cArms, K
942 _2udc
_cBK
999 _c56420
_d56420